Statistics for Some Zip Codes

Click here to take the quiz!

General Stats

  • This quiz has been taken 4 times
  • The average score is 2 of 20

Answer Stats

CityZip Code% Correct
Beverly Hills90210
50%
New Haven06511
25%
New York10001
25%
Milwaukee53201
25%
Seattle98101
25%
Yonkers10702
0%
Philadelphia19104
0%
Washington D.C.20090
0%
Raleigh27611
0%
Miami33101
0%
Chicago60607
0%
Omaha68005
0%
Dallas75221
0%
Houston77052
0%
Phoenix85034
0%
Mesa85201
0%
Los Angeles90086
0%
San Diego92138
0%
Anaheim92803
0%
Oakland94617
0%

Score Distribution

Percentile by Number Answered

Percent of People with Each Score

Your Score History

You have not taken this quiz